[Event "EU-ch Rapid"]
[Site "Zagreb"]
[Date "2023.12.15"]
[Round "7"]
[White "Sebenik, Matej"]
[Black "Semjonovs, Ilja"]
[Result "1-0"]
[WhiteElo "2534"]
[BlackElo "2383"]
[PlyCount "67"]
[EventDate "2023.12.14"]
[EventType "swiss (rapid)"]
[EventRounds "11"]
[EventCountry "CRO"]
[SourceTitle "CB51_2023"]
[SourceDate "2023.12.20"]
[SourceVersion "1"]
[SourceVersionDate "2023.12.20"]
[SourceQuality "1"]

1. d4 Nf6 2. Bf4 e6 3. e3 c5 4. Nf3 b6 5. Nc3 d5 6. Nb5 Na6 7. c3 Be7 8. Ne5 Bb7 9. Bd3 0-0 10. h4 Ne4 11. h5 f6 12. Ng6 Rf7 13. f3 e5 14. fxe4 exf4 15. Nxf4 cxd4 16. exd4 Bd6 17. 0-0 Bxf4 18. Rxf4 dxe4 19. Bxe4 Bxe4 20. Rxe4 Nc7 21. Nxc7 Qxc7 22. Qf3 Raf8 23. Rae1 f5 24. Re8 h6 25. Qd5 Kh7 26. Rxf8 Rxf8 27. Re5 f4 28. Qe4+ Kg8 29. Re7 Qd6 30. Rxa7 f3 31. Qg6 Qxg6 32. hxg6 fxg2 33. d5 Rf6 34. d6 1-0

[Event "Riga Christmas"]
[Site "Riga"]
[Date "2023.12.09"]
[Round "8"]
[White "Semjonovs, Ilja"]
[Black "Vingris, Mikelis"]
[Result "1/2-1/2"]
[WhiteElo "2383"]
[BlackElo "2129"]
[PlyCount "27"]
[EventDate "2023.12.04"]
[EventType "tourn"]
[EventRounds "9"]
[EventCountry "LAT"]
[EventCategory "2"]
[SourceTitle "CB50_2023"]
[SourceDate "2023.12.13"]
[SourceVersion "1"]
[SourceVersionDate "2023.12.13"]
[SourceQuality "1"]

1. d4 d5 2. Nf3 Nf6 3. Bg5 c6 4. c3 e6 5. Nbd2 Nbd7 6. e4 dxe4 7. Nxe4 Be7 8. Nxf6+ Nxf6 9. Bd3 b6 10. 0-0 Bb7 11. Qe2 0-0 12. Ba6 Bxa6 13. Qxa6 Qc8 14. Qxc8 1/2-1/2

[Event "Riga Christmas"]
[Site "Riga"]
[Date "2023.12.06"]
[Round "3"]
[White "Semjonovs, Ilja"]
[Black "Eliseev, Sergey1"]
[Result "1-0"]
[WhiteElo "2383"]
[BlackElo "2250"]
[PlyCount "95"]
[EventDate "2023.12.04"]
[EventType "tourn"]
[EventRounds "9"]
[EventCountry "LAT"]
[EventCategory "2"]
[SourceTitle "CB50_2023"]
[SourceDate "2023.12.13"]
[SourceVersion "1"]
[SourceVersionDate "2023.12.13"]
[SourceQuality "1"]

1. d4 d5 2. Nf3 Nf6 3. c4 c6 4. Nc3 dxc4 5. a4 Bf5 6. e3 e6 7. Bxc4 Bb4 8. 0-0 0-0 9. Qb3 a5 10. Na2 c5 11. Nxb4 cxb4 12. Ne5 Be4 13. f3 Bd5 14. e4 Bxc4 15. Qxc4 Nfd7 16. Nxd7 Qxd7 17. Be3 Nc6 18. Qb5 Rfd8 19. Rfd1 Qe7 20. Bg5 f6 21. Be3 Rd7 22. Rd2 Ra6 23. Rad1 Na7 24. Qh5 g6 25. Qh3 Nc8 26. d5 e5 27. Rc1 Rc7 28. Rdc2 Rxc2 29. Rxc2 Nd6 30. Bc5 Kg7 31. b3 h5 32. Kf1 Qc7 33. Rc1 f5 34. Qg3 Qe7 35. exf5 g5 36. h4 g4 37. fxg4 Ne4 38. Bxe7 Nxg3+ 39. Kf2 Ne4+ 40. Ke3 Nc3 41. d6 Kf7 42. g5 b5 43. g6+ Ke8 44. f6 Nd5+ 45. Ke4 Nxe7 46. f7+ Kf8 47. dxe7+ Kxe7 48. Rc7+ 1-0

[Event "EU-ch Rapid"]
[Site "Katowice"]
[Date "2021.12.19"]
[Round "11"]
[White "Kjartansson, Gudmundur"]
[Black "Semjonovs, Ilja"]
[Result "0-1"]
[WhiteElo "2460"]
[BlackElo "2383"]
[PlyCount "72"]
[EventDate "2021.12.18"]
[EventType "swiss (rapid)"]
[EventRounds "11"]
[EventCountry "POL"]
[SourceTitle "CBM 205 Extra"]
[Source "ChessBase"]
[SourceDate "2022.01.31"]
[SourceVersion "1"]
[SourceVersionDate "2022.01.31"]
[SourceQuality "1"]

1. c4 e5 2. d3 Nf6 3. Nf3 Nc6 4. a3 a5 5. b3 d6 6. e3 g6 7. Be2 Bg7 8. Bb2 0-0 9. 0-0 h6 10. Nc3 Be6 11. Rc1 Qe7 12. Re1 Rad8 13. e4 Qd7 14. Nd5 Ne7 15. Nxf6+ Bxf6 16. Qd2 Bg7 17. Qxa5 c5 18. Nd2 Nc6 19. Qb6 Ra8 20. b4 cxb4 21. axb4 Ra6 22. Qb5 Qc7 23. c5 Na7 24. Qxa6 bxa6 25. d4 exd4 26. Bxa6 dxc5 27. bxc5 Nc6 28. Bc4 Bxc4 29. Nxc4 Ne5 30. Nxe5 Bxe5 31. g3 d3 32. Bxe5 Qxe5 33. Red1 Qxe4 34. c6 Rc8 35. c7 Qe2 36. Re1 d2 0-1

[Event "EU-ch Rapid"]
[Site "Katowice"]
[Date "2021.12.19"]
[Round "10"]
[White "Semjonovs, Ilja"]
[Black "Nasuta, Grzegorz"]
[Result "1-0"]
[WhiteElo "2383"]
[BlackElo "2521"]
[PlyCount "139"]
[EventDate "2021.12.18"]
[EventType "swiss (rapid)"]
[EventRounds "11"]
[EventCountry "POL"]
[SourceTitle "CBM 205 Extra"]
[Source "ChessBase"]
[SourceDate "2022.01.31"]
[SourceVersion "1"]
[SourceVersionDate "2022.01.31"]
[SourceQuality "1"]

1. d4 d5 2. Nf3 Nf6 3. Bg5 Ne4 4. Bf4 c5 5. c3 e6 6. e3 Nc6 7. Nbd2 Nxd2 8. Qxd2 Bd6 9. Bg3 0-0 10. Bd3 Qe7 11. 0-0 Bxg3 12. hxg3 e5 13. dxe5 Nxe5 14. Be2 Rd8 15. Nxe5 Qxe5 16. Bf3 Be6 17. Rfd1 g5 18. Qc2 Kg7 19. Rd2 Rd7 20. Rad1 Rad8 21. Qa4 b6 22. Qa3 h5 23. b4 c4 24. Rd4 g4 25. Be2 f5 26. Qa4 Qc7 27. Rf4 Kf6 28. Qc2 Qe5 29. Rfd4 Rc8 30. Qa4 Rh8 31. Bxc4 h4 32. gxh4 Rdh7 33. Bxd5 Rxh4 34. Kf1 Rh1+ 35. Ke2 Rxd1 36. Qxd1 Bxd5 37. Rxd5 Qxc3 38. Qd4+ Qxd4 39. Rxd4 Rc8 40. Kd2 Rc7 41. f3 gxf3 42. gxf3 Ke5 43. Rd8 Rh7 44. f4+ Ke6 45. Kc3 Rh2 46. a4 Ra2 47. Kb3 Re2 48. Re8+ Kf6 49. Kc4 Ra2 50. Kb3 Re2 51. Re5 Re1 52. Kc4 Rb1 53. a5 bxa5 54. Rxa5 Rc1+ 55. Kb5 Rc7 56. Ka6 Re7 57. b5 Rxe3 58. Kxa7 Re4 59. b6 Rxf4 60. Rb5 Ra4+ 61. Kb7 f4 62. Kc6 Rc4+ 63. Rc5 Rb4 64. b7 f3 65. Rc3 f2 66. Rf3+ Ke6 67. Rxf2 Rc4+ 68. Kb5 Rc1 69. Rb2 Rb1 70. Rxb1 1-0

[Event "EU-ch Rapid"]
[Site "Katowice"]
[Date "2021.12.19"]
[Round "8"]
[White "Semjonovs, Ilja"]
[Black "Vingris, Mikelis"]
[Result "1-0"]
[WhiteElo "2383"]
[BlackElo "1749"]
[PlyCount "105"]
[EventDate "2021.12.18"]
[EventType "swiss (rapid)"]
[EventRounds "11"]
[EventCountry "POL"]
[SourceTitle "CBM 205 Extra"]
[Source "ChessBase"]
[SourceDate "2022.01.31"]
[SourceVersion "1"]
[SourceVersionDate "2022.01.31"]
[SourceQuality "1"]

1. d4 Nf6 2. Nf3 c5 3. c3 d5 4. Bg5 Nc6 5. e3 Qb6 6. Qb3 c4 7. Qc2 Bf5 8. Qc1 e6 9. Nbd2 Be7 10. b3 cxb3 11. axb3 0-0 12. Be2 Rfc8 13. Qb2 Nb4 14. 0-0 Nd3 15. Bxd3 Bxd3 16. Rfc1 h6 17. Ne5 Bf5 18. Nd7 Nxd7 19. Bxe7 e5 20. Qa3 Rc6 21. Nf3 Rac8 22. Bb4 f6 23. h3 a6 24. Nd2 Bd3 25. Qb2 Qd8 26. Ra5 Bb5 27. Raa1 Qe8 28. Qa2 Bd3 29. c4 exd4 30. exd4 b5 31. c5 Nf8 32. Re1 Qf7 33. Re3 Bf5 34. Rae1 Ne6 35. Qb2 Nf4 36. Qc3 Re6 37. Rxe6 Bxe6 38. Qe3 g5 39. Nf1 Qh5 40. Ng3 Qg6 41. Ne2 Nxe2+ 42. Qxe2 Rc6 43. Ba5 Kf7 44. Bb6 g4 45. hxg4 Qxg4 46. Qa2 Qxd4 47. Qxa6 Qc3 48. Qb7+ Kg6 49. Re3 Qc1+ 50. Kh2 d4 51. Rg3+ Kf5 52. Qxc6 Qd2 53. Rf3+ 1-0

[Event "EU-ch Rapid"]
[Site "Katowice"]
[Date "2021.12.19"]
[Round "7"]
[White "Tazbir, Marcin"]
[Black "Semjonovs, Ilja"]
[Result "1-0"]
[WhiteElo "2508"]
[BlackElo "2383"]
[PlyCount "59"]
[EventDate "2021.12.18"]
[EventType "swiss (rapid)"]
[EventRounds "11"]
[EventCountry "POL"]
[SourceTitle "CBM 205 Extra"]
[Source "ChessBase"]
[SourceDate "2022.01.31"]
[SourceVersion "1"]
[SourceVersionDate "2022.01.31"]
[SourceQuality "1"]

1. c4 e5 2. g3 Nf6 3. Bg2 d5 4. cxd5 Nxd5 5. Nc3 Nb6 6. e3 Be7 7. Nge2 0-0 8. 0-0 Nc6 9. f4 exf4 10. Nxf4 Nb4 11. d4 c6 12. e4 Na6 13. Be3 Nc7 14. Kh1 Ne6 15. Nxe6 Bxe6 16. d5 cxd5 17. exd5 Bd7 18. Bd4 Rc8 19. Qd3 Bc5 20. Be5 Bg4 21. Rae1 Qd7 22. Ne4 Bb4 23. Ng5 g6 24. Ne4 f6 25. Nxf6+ Rxf6 26. Bxf6 Bxe1 27. Rxe1 Bh3 28. Bxh3 Qxh3 29. d6 Rf8 30. Qb3+ 1-0

[Event "EU-ch Blitz"]
[Site "Katowice"]
[Date "2021.12.17"]
[Round "22"]
[White "Gradalski, Olaf"]
[Black "Semjonovs, Ilja"]
[Result "0-1"]
[WhiteElo "2086"]
[BlackElo "2383"]
[PlyCount "66"]
[EventDate "2021.12.17"]
[EventType "swiss (blitz)"]
[EventRounds "22"]
[EventCountry "POL"]
[SourceTitle "CBM 205 Extra"]
[Source "ChessBase"]
[SourceDate "2022.01.31"]
[SourceVersion "1"]
[SourceVersionDate "2022.01.31"]
[SourceQuality "1"]

1. e4 c5 2. c3 Nf6 3. e5 Nd5 4. d4 cxd4 5. Nf3 Nc6 6. cxd4 d6 7. Bc4 e6 8. 0-0 dxe5 9. dxe5 Nb6 10. Qxd8+ Nxd8 11. Bb3 Nc6 12. Nc3 a6 13. Be3 Nd7 14. Bf4 Nc5 15. Rfd1 Be7 16. Rac1 b5 17. Be3 Nxb3 18. axb3 Bb7 19. Ne4 Nxe5 20. Nxe5 Bxe4 21. Rc7 Bf6 22. Nxf7 0-0 23. Rdd7 Rac8 24. Rxc8 Rxc8 25. f3 Bd5 26. Nd6 Rc2 27. g4 h6 28. Ra7 Bxf3 29. Rxa6 Rxb2 30. g5 hxg5 31. Rb6 g4 32. Rxb5 Rb1+ 33. Kf2 Bh4# 0-1

[Event "EU-ch Blitz"]
[Site "Katowice"]
[Date "2021.12.17"]
[Round "20"]
[White "Semjonovs, Ilja"]
[Black "Szwed, Jacek"]
[Result "1-0"]
[WhiteElo "2383"]
[BlackElo "2355"]
[PlyCount "67"]
[EventDate "2021.12.17"]
[EventType "swiss (blitz)"]
[EventRounds "22"]
[EventCountry "POL"]
[SourceTitle "CBM 205 Extra"]
[Source "ChessBase"]
[SourceDate "2022.01.31"]
[SourceVersion "1"]
[SourceVersionDate "2022.01.31"]
[SourceQuality "1"]

1. d4 c5 2. c3 Nf6 3. Nf3 d5 4. Bg5 Ne4 5. Bf4 Qb6 6. Qb3 Qxb3 7. axb3 cxd4 8. Nxd4 Nc6 9. Nb5 Kd8 10. Nc7 e5 11. Nxa8 exf4 12. b4 b5 13. Na3 Bb7 14. Nxb5 Bxa8 15. f3 Nd6 16. Nxa7 Nxa7 17. Rxa7 Bc6 18. e3 fxe3 19. Bd3 Be7 20. Ke2 Re8 21. Rha1 Bf6 22. R1a6 Nc8 23. Rxf7 Bd7 24. Rxd7+ Kxd7 25. Bb5+ Ke7 26. Bxe8 Kxe8 27. Kxe3 Kd7 28. Kd3 Nd6 29. b3 Nf7 30. f4 Nd6 31. c4 dxc4+ 32. bxc4 Nf7 33. c5 Nd8 34. Kc4 1-0

[Event "LAT-ch"]
[Site "Riga"]
[Date "2020.08.28"]
[Round "6"]
[White "Semjonovs, Ilja"]
[Black "Lanka, Zigurds"]
[Result "0-1"]
[WhiteElo "2368"]
[BlackElo "2391"]
[PlyCount "112"]
[EventDate "2020.08.24"]
[EventType "swiss"]
[EventRounds "9"]
[EventCountry "LAT"]
[SourceTitle "CBM 198 Extra"]
[Source "ChessBase"]
[SourceDate "2020.11.30"]
[SourceVersion "1"]
[SourceVersionDate "2020.11.30"]
[SourceQuality "1"]

1. e4 c5 2. Nf3 Nc6 3. Nc3 e5 4. Bc4 d6 5. d3 h6 6. Be3 g6 7. Nd5 Bg7 8. c3 Nf6 9. h3 Rb8 10. a3 0-0 11. Qd2 Kh7 12. Nxf6+ Qxf6 13. h4 Qe7 14. b4 b6 15. 0-0-0 Nd8 16. Kb2 Be6 17. b5 f6 18. h5 g5 19. Bxe6 Qxe6 20. c4 a6 21. a4 f5 22. Qc2 Kg8 23. Ng1 Ra8 24. f3 f4 25. Bd2 Qd7 26. Bc3 Ne6 27. Nh3 Ra7 28. Nf2 Rfa8 29. Qb3 Qf7 30. Ra1 axb5 31. axb5 Rxa1 32. Rxa1 Rxa1 33. Kxa1 Qxh5 34. Qd1 Qe8 35. Qa4 Qb8 36. Kb1 Nf8 37. Kc2 Ng6 38. Qa6 Bf6 39. Ng4 Kg7 40. Be1 Bd8 41. Kd1 h5 42. Nh2 Nf8 43. Ke2 Ne6 44. Bf2 Be7 45. Kf1 Nc7 46. Qa1 Qc8 47. Be1 g4 48. fxg4 hxg4 49. Qa7 Kf7 50. Qxb6 g3 51. Nf3 Ne6 52. Bc3 Qh8 53. Ke2 Qh1 54. Ne1 f3+ 55. gxf3 Nf4+ 56. Kd2 g2 0-1

[Event "LAT-ch"]
[Site "Riga"]
[Date "2020.08.25"]
[Round "3"]
[White "Starostits, Ilmars"]
[Black "Semjonovs, Ilja"]
[Result "1/2-1/2"]
[WhiteElo "2484"]
[BlackElo "2368"]
[PlyCount "47"]
[EventDate "2020.08.24"]
[EventType "swiss"]
[EventRounds "9"]
[EventCountry "LAT"]
[SourceTitle "CBM 198 Extra"]
[Source "ChessBase"]
[SourceDate "2020.11.30"]
[SourceVersion "1"]
[SourceVersionDate "2020.11.30"]
[SourceQuality "1"]

1. d4 Nf6 2. Nf3 g6 3. Bf4 Bg7 4. e3 0-0 5. Be2 d6 6. h3 c5 7. c3 b6 8. 0-0 Bb7 9. Nbd2 Nbd7 10. a4 a6 11. Bh2 Bc6 12. Qb3 b5 13. axb5 axb5 14. dxc5 Nxc5 15. Qc2 Qb6 16. Nd4 Bd7 17. Bf3 Rxa1 18. Rxa1 Rc8 19. Bg3 e5 20. N4b3 Be6 21. Nxc5 Qxc5 22. Bh4 d5 23. Nb3 Qc6 24. Qd1 1/2-1/2

[Event "Riga Summer op"]
[Site "Riga"]
[Date "2020.06.18"]
[Round "5.1"]
[White "Chukavin, Kirill"]
[Black "Semjonovs, Ilja"]
[Result "0-1"]
[WhiteElo "2348"]
[BlackElo "2362"]
[PlyCount "62"]
[EventDate "2020.06.15"]
[EventType "swiss"]
[EventRounds "9"]
[EventCountry "LAT"]
[SourceTitle "CBM 197 Extra"]
[Source "ChessBase"]
[SourceDate "2020.09.30"]
[SourceVersion "1"]
[SourceVersionDate "2020.09.30"]
[SourceQuality "1"]

1. e4 c5 2. Nf3 d6 3. d4 cxd4 4. Nxd4 Nf6 5. Nc3 Nc6 6. g3 e5 7. Nde2 Be7 8. Bg2 0-0 9. 0-0 Be6 10. h3 Rc8 11. Be3 Qd7 12. Kh2 Bd8 13. Qd2 Ba5 14. Rfd1 Rfd8 15. a3 Bc4 16. Qc1 Ne7 17. Bg5 Qe6 18. f4 Bxe2 19. Nxe2 Qc4 20. Qe3 Qxc2 21. Qxa7 Qxb2 22. Qxa5 Qxe2 23. fxe5 Nc6 24. Qb6 Nxe5 25. Bxf6 gxf6 26. Rac1 Kg7 27. Rf1 Rxc1 28. Rxc1 Rc8 29. Qb1 Rxc1 30. Qxc1 Nf3+ 31. Kh1 Ne1 0-1

[Event "Riga Summer op"]
[Site "Riga"]
[Date "2020.06.16"]
[Round "2.5"]
[White "Semjonovs, Ilja"]
[Black "Andrijashkin, Deniss"]
[Result "1-0"]
[WhiteElo "2362"]
[BlackElo "1850"]
[PlyCount "83"]
[EventDate "2020.06.15"]
[EventType "swiss"]
[EventRounds "9"]
[EventCountry "LAT"]
[SourceTitle "CBM 197 Extra"]
[Source "ChessBase"]
[SourceDate "2020.09.30"]
[SourceVersion "1"]
[SourceVersionDate "2020.09.30"]
[SourceQuality "1"]

1. d4 g6 2. Nf3 Bg7 3. Bg5 Nf6 4. Bxf6 Bxf6 5. e3 d6 6. Bd3 Nc6 7. c3 e5 8. Nbd2 Bg7 9. Qc2 Qe7 10. 0-0-0 Be6 11. h4 d5 12. Bb5 e4 13. Ng5 Bd7 14. Qb3 h6 15. Nh3 a6 16. Be2 0-0-0 17. Nf4 Be6 18. f3 exf3 19. Bxf3 Qd6 20. Nxe6 Qxe6 21. e4 Na5 22. Qa4 dxe4 23. Nxe4 Qb6 24. h5 Rhe8 25. hxg6 fxg6 26. Nc5 h5 27. Rhe1 Qb5 28. Qc2 Bh6+ 29. Kb1 Nc4 30. Bxb7+ Kb8 31. Ka1 Ne3 32. Rxe3 Rxe3 33. Bxa6 Qb6 34. Bd3 Rd6 35. Bxg6 Rd8 36. Bxh5 Bf8 37. Ne4 Qe6 38. Bf3 Re8 39. Nf2 Re1 40. Qa4 Rxd1+ 41. Nxd1 Kc8 42. Bc6 1-0

[Event "Titled Tuesday intern op 4th Febr"]
[Site "Chess.com INT"]
[Date "2020.02.04"]
[Round "5"]
[White "Praggnanandhaa, Rameshbabu"]
[Black "Semjonovs, Ilja"]
[Result "1/2-1/2"]
[WhiteElo "2519"]
[BlackElo "2361"]
[PlyCount "215"]
[EventDate "2020.02.04"]
[EventType "swiss (blitz)"]
[EventRounds "10"]
[EventCountry "USA"]
[SourceTitle "EXT 2021"]
[Source "ChessBase"]
[SourceDate "2020.10.23"]
[SourceVersion "1"]
[SourceVersionDate "2020.10.23"]
[SourceQuality "1"]

1. e4 e5 2. Nf3 Nc6 3. Bc4 Nf6 4. d3 h6 5. c3 d6 6. Nbd2 g5 7. Nf1 Bg7 8. Ne3 0-0 9. h3 Ne7 10. Bb3 c6 11. Nh2 Ng6 12. Nhg4 d5 13. Nxf6+ Qxf6 14. exd5 Nf4 15. 0-0 a5 16. a4 h5 17. Qf3 Nxh3+ 18. Kh2 Nf4 19. g3 Nxd3 20. Qxh5 Qh6 21. Qxh6 Bxh6 22. Bc2 Nxc1 23. Raxc1 cxd5 24. Nxd5 f5 25. Rcd1 f4 26. Ne7+ Kg7 27. Rd6 Rf6 28. Rd8 Rf8 29. Rd6 Rf6 30. Rfd1 Be6 31. gxf4 exf4 32. Re1 Ra6 33. Rxa6 bxa6 34. Nc6 Bf7 35. Nd4 g4 36. Nf5+ Kg8 37. Re5 Bf8 38. Rxa5 Rb6 39. Nd4 Rxb2 40. Rg5+ Bg7 41. Kg1 g3 42. fxg3 fxg3 43. Rxg3 Ra2 44. Bd3 Ra1+ 45. Kf2 Kf8 46. Rg4 Ra3 47. Bxa6 Rxc3 48. Nf5 Bf6 49. Nd6 Rc2+ 50. Ke3 Rc3+ 51. Kd2 Bb3 52. Ne4 Rc2+ 53. Kd3 Bg7 54. Bb5 Ra2 55. Nd2 Bc2+ 56. Ke2 Bxa4 57. Rxa4 Rxa4 58. Bxa4 Ke7 59. Nf3 Bh6 60. Kd3 Bf4 61. Bb3 Bd6 62. Ke4 Kf6 63. Nd4 Be5 64. Nf5 Ba1 65. Bd5 Bb2 66. Bc4 Ba1 67. Ne3 Bb2 68. Nd5+ Ke6 69. Kd3 Ba1 70. Ke4 Bb2 71. Ba2 Ba1 72. Nf4+ Kf6 73. Nd3 Bc3 74. Kf4 Bd2+ 75. Kf3 Bc3 76. Nf2 Ba1 77. Kf4 Bb2 78. Ne4+ Ke7 79. Kf5 Bd4 80. Nd2 Bc3 81. Nc4 Ba1 82. Ne3 Bd4 83. Nd5+ Kd6 84. Ke4 Ba1 85. Ne3 Bh8 86. Nc2 Bc3 87. Bg8 Bb2 88. Nb4 Bh8 89. Nd3 Ke7 90. Kd5 Ba1 91. Nf4 Kf6 92. Be6 Bb2 93. Nd3 Ba1 94. Nf2 Ke7 95. Ne4 Bb2 96. Bf5 Ba3 97. Nd2 Bb2 98. Nc4 Ba1 99. Ke4 Kf6 100. Bd7 Bc3 101. Ba4 Ba1 102. Ne3 Bb2 103. Bb3 Ke7 104. Kd3 Ba1 105. Kc2 Bh8 106. Ng4 Bg7 107. Bg8 Bf6 108. Nh6 1/2-1/2

[Event "Titled Tuesday intern op 4th Febr"]
[Site "Chess.com INT"]
[Date "2020.02.04"]
[Round "4"]
[White "Semjonovs, Ilja"]
[Black "Karthik, Venkataraman"]
[Result "0-1"]
[WhiteElo "2361"]
[BlackElo "2483"]
[PlyCount "110"]
[EventDate "2020.02.04"]
[EventType "swiss (blitz)"]
[EventRounds "10"]
[EventCountry "USA"]
[SourceTitle "EXT 2021"]
[Source "ChessBase"]
[SourceDate "2020.10.23"]
[SourceVersion "1"]
[SourceVersionDate "2020.10.23"]
[SourceQuality "1"]

1. e4 c5 2. Nf3 d6 3. Bb5+ Bd7 4. Bxd7+ Nxd7 5. 0-0 Ngf6 6. Qe2 Rc8 7. c3 e6 8. d4 cxd4 9. cxd4 d5 10. e5 Ne4 11. Be3 Be7 12. Ne1 f5 13. Nd3 0-0 14. f3 Ng5 15. Nc3 Nf7 16. Rfc1 Nb6 17. b3 Ba3 18. Rc2 a6 19. Qf2 Rc6 20. Nb1 Rxc2 21. Qxc2 Be7 22. Nc3 Qc7 23. Qb2 Rc8 24. Rc1 Qd7 25. g3 Rc6 26. a4 Qc7 27. Kg2 Nd7 28. h4 Nf8 29. Nf2 Bb4 30. Ne2 Rxc1 31. Qxc1 Qxc1 32. Nxc1 Nd8 33. Ncd3 Nc6 34. Nxb4 Nxb4 35. Nd1 Nd7 36. Kf1 Nc2 37. Bg1 Na1 38. b4 Nc2 39. b5 axb5 40. axb5 Kf7 41. Ke2 Ke8 42. Kd3 Na3 43. Nc3 Kd8 44. Kd2 Kc7 45. Kc1 Kb6 46. Kb2 Nxb5 47. Na4+ Kc6 48. Kb3 b6 49. Kb4 Nc7 50. Nc3 Nb8 51. Be3 Nba6+ 52. Kb3 Nb5 53. Nxb5 Kxb5 54. Bg5 Nb8 55. h5 Nc6 0-1

[Event "Titled Tuesday intern op 4th Febr"]
[Site "Chess.com INT"]
[Date "2020.02.04"]
[Round "1"]
[White "Semjonovs, Ilja"]
[Black "Vaibhav, Suri"]
[Result "1-0"]
[WhiteElo "2361"]
[BlackElo "2591"]
[PlyCount "87"]
[EventDate "2020.02.04"]
[EventType "swiss (blitz)"]
[EventRounds "10"]
[EventCountry "USA"]
[SourceTitle "EXT 2021"]
[Source "ChessBase"]
[SourceDate "2020.10.23"]
[SourceVersion "1"]
[SourceVersionDate "2020.10.23"]
[SourceQuality "1"]

1. e4 c5 2. Nf3 d6 3. Bb5+ Nd7 4. d4 cxd4 5. Qxd4 a6 6. Bxd7+ Qxd7 7. c4 Qc6 8. Nc3 e5 9. Qd3 Be6 10. b3 Rc8 11. a4 g6 12. Ba3 Be7 13. 0-0 f5 14. Rad1 Nf6 15. Nd5 fxe4 16. Nxf6+ Bxf6 17. Qe3 Rd8 18. Ng5 Bf5 19. g4 Bxg4 20. Nxe4 Bxd1 21. Nxf6+ Kf7 22. Nd5 Bh5 23. f4 e4 24. Qxe4 Rhe8 25. Qd4 Re6 26. f5 Re5 27. fxg6+ Kxg6 28. Qh4 Rg5+ 29. Kh1 Rxd5 30. cxd5 Qxd5+ 31. Kg1 Qg5+ 32. Qxg5+ Kxg5 33. Kg2 d5 34. Be7+ Kg6 35. Bxd8 d4 36. Rf6+ Kg7 37. Rb6 d3 38. Rxb7+ Kf8 39. Rd7 Bg6 40. Bg5 Ke8 41. Rd4 Kf7 42. Kf2 Ke6 43. Ke3 Ke5 44. Bf4+ 1-0

[Event "Titled Tuesday intern op1 4th Febr"]
[Site "Chess.com INT"]
[Date "2020.02.04"]
[Round "1"]
[White "Semjonovs, Ilja"]
[Black "Yakubboev, Nodirbek"]
[Result "1-0"]
[WhiteElo "2361"]
[BlackElo "2591"]
[PlyCount "97"]
[EventDate "2020.02.04"]
[EventType "swiss (blitz)"]
[EventRounds "10"]
[EventCountry "USA"]
[SourceTitle "EXT 2021"]
[Source "ChessBase"]
[SourceDate "2020.10.23"]
[SourceVersion "1"]
[SourceVersionDate "2020.10.23"]
[SourceQuality "1"]

1. e4 c5 2. Nf3 d6 3. d4 cxd4 4. Nxd4 Nf6 5. Nc3 a6 6. f3 e5 7. Nb3 Be6 8. Be3 h5 9. Qd2 Nbd7 10. Nd5 Bxd5 11. exd5 g6 12. Be2 Qc7 13. Rc1 Bg7 14. 0-0 0-0 15. c4 b6 16. Na1 a5 17. Nc2 Nc5 18. b3 Kh7 19. Na3 Ng8 20. Nb5 Qd7 21. Qc2 Bh6 22. Bxh6 Nxh6 23. a3 a4 24. b4 Nb3 25. Rce1 Nf5 26. Bd3 Nfd4 27. Nxd4 Nxd4 28. Qf2 b5 29. cxb5 Nxb5 30. f4 exf4 31. Qxf4 Nc7 32. Qg5 Rae8 33. Qxh5+ Kg7 34. Qg5 Rxe1 35. Rxe1 Re8 36. Rxe8 Qxe8 37. Kf2 f6 38. Qe3 Qd7 39. Qa7 Kh6 40. b5 Qd8 41. b6 Nxd5 42. b7 f5 43. b8Q Qh4+ 44. Kg1 Qe1+ 45. Bf1 Ne3 46. Qh8+ Kg5 47. Qe7+ Kg4 48. h3+ Kf4 49. Qh6+ 1-0

[Event "Moscow op-A 16th"]
[Site "Moscow"]
[Date "2020.02.02"]
[Round "9"]
[White "Semjonovs, Ilja"]
[Black "Matinian, Nikita"]
[Result "1/2-1/2"]
[WhiteElo "2361"]
[BlackElo "2496"]
[PlyCount "35"]
[EventDate "2020.01.25"]
[EventType "swiss"]
[EventRounds "9"]
[EventCountry "RUS"]
[SourceTitle "CBM 194 Extra"]
[Source "ChessBase"]
[SourceDate "2020.03.31"]
[SourceVersion "1"]
[SourceVersionDate "2020.03.31"]
[SourceQuality "1"]

1. e4 d6 2. d4 g6 3. Nc3 Bg7 4. Be3 c6 5. g3 Nf6 6. h3 Qc7 7. Bg2 Nbd7 8. a4 0-0 9. Nge2 e5 10. 0-0 b6 11. f4 Ba6 12. dxe5 dxe5 13. f5 Rad8 14. Qe1 Rfe8 15. g4 Bxe2 16. Qxe2 a5 17. Qc4 Nc5 18. Rf2 1/2-1/2

[Event "Titled Tuesday intern op 3rd Jan"]
[Site "Chess.com INT"]
[Date "2019.12.03"]
[Round "10"]
[White "Galchenko, Matvey"]
[Black "Semjonovs, Ilja"]
[Result "0-1"]
[WhiteElo "2403"]
[BlackElo "2361"]
[PlyCount "102"]
[EventDate "2019.12.03"]
[EventType "swiss (blitz)"]
[EventRounds "10"]
[EventCountry "USA"]
[SourceTitle "EXT 2021"]
[Source "ChessBase"]
[SourceDate "2020.10.23"]
[SourceVersion "1"]
[SourceVersionDate "2020.10.23"]
[SourceQuality "1"]

1. f4 c5 2. Nf3 d5 3. g3 Nc6 4. Bg2 Bg4 5. 0-0 Bxf3 6. Bxf3 e6 7. d3 Nf6 8. Nc3 Be7 9. e4 dxe4 10. dxe4 Qxd1 11. Bxd1 0-0-0 12. Be3 Nd4 13. Bf2 a6 14. e5 Nd5 15. Ne4 b6 16. c3 Nc6 17. Be2 Kb7 18. Bf3 Rd7 19. Rfd1 Rhd8 20. Rd2 Kc7 21. Rad1 f5 22. exf6 gxf6 23. Bg2 f5 24. Ng5 Bxg5 25. fxg5 Ne5 26. h3 Ne7 27. Rxd7+ Rxd7 28. Re1 N7g6 29. h4 Ng4 30. Rxe6 Rd2 31. Be3 Rd1+ 32. Bf1 Kd7 33. Rxb6 Nxe3 34. Kf2 Nxf1 35. Ke2 Rb1 36. Rb7+ Ke6 37. Rxh7 Nxg3+ 38. Kf3 Ne4 39. Rh6 Kf7 40. Rh7+ Kg8 41. Rb7 Rf1+ 42. Ke2 Rh1 43. Rb6 Nxh4 44. Rxa6 Rh2+ 45. Kd3 Rxb2 46. Ra7 Nxg5 47. Ke3 Ng6 48. a4 f4+ 49. Kd3 f3 50. Ke3 f2 51. Ra8+ Kg7 0-1

[Event "Titled Tuesday intern op 3rd Jan"]
[Site "Chess.com INT"]
[Date "2019.12.03"]
[Round "2"]
[White "Semjonovs, Ilja"]
[Black "Ulanov, Alexandr"]
[Result "1-0"]
[WhiteElo "2361"]
[BlackElo "2463"]
[PlyCount "95"]
[EventDate "2019.12.03"]
[EventType "swiss (blitz)"]
[EventRounds "10"]
[EventCountry "USA"]
[SourceTitle "EXT 2021"]
[Source "ChessBase"]
[SourceDate "2020.10.23"]
[SourceVersion "1"]
[SourceVersionDate "2020.10.23"]
[SourceQuality "1"]

1. e4 Nf6 2. e5 Nd5 3. d4 d6 4. c4 Nb6 5. exd6 cxd6 6. Nc3 g6 7. Nf3 Bg7 8. Be3 0-0 9. b3 Nc6 10. Rc1 e5 11. dxe5 dxe5 12. Qxd8 Rxd8 13. c5 Nd7 14. Rd1 h6 15. Bc4 Nd4 16. Nxd4 exd4 17. Bxd4 Re8+ 18. Ne2 Bxd4 19. Rxd4 Nxc5 20. f3 Be6 21. Bxe6 Nxe6 22. Rd2 Rad8 23. Rxd8 Rxd8 24. Nc3 Nf4 25. g3 Rd3 26. Ne2 Nd5 27. f4 Nb4 28. Kf2 Nxa2 29. Ra1 Rd2 30. Ke3 Rb2 31. Nd4 a6 32. h4 h5 33. f5 Nb4 34. fxg6 fxg6 35. Rc1 Nd5+ 36. Ke4 Nf6+ 37. Ke5 Ng4+ 38. Kf4 Rd2 39. Ne6 Rd7 40. Kg5 Kf7 41. Nf4 Nf6 42. Rf1 Ne4+ 43. Kh6 Nxg3 44. Rf2 Nf5+ 45. Kg5 Re7 46. Nxg6 Re6 47. Rxf5+ Kg7 48. Nf4 1-0